000 00824nmm a2200265 a 4500
001 ocm000592959
003 TR-IsHL
005 20201028121123.0
008 130705s2006 tu tur
007 cr cn
020 _a9789756186145
035 _a592959
_b(N$T)
050 0 4 _aPL248.A875
_bÖ47 2006
090 0 4 _aPL248.A875
_bÖ47 2006
100 1 _aAtsız, Yağmur
245 1 0 _aÖmrümün ilk 65 yılı
_h[electronic resource] /
_cYağmur Atsız
250 _a2. bs.
260 _aİstanbul :
_bTürk Edebiyatı Vakfı Yayınları,
_c2006
300 _a272 p.
650 4 _aTarih
650 4 _aHistory
650 0 _aAtsız, Yağmur, 1939-
650 7 _aBIOGRAPHY & AUTOBIOGRAPHY / Literary
_2bisacsh
856 4 0 _uhttp://search.ebscohost.com/login.aspx?direct=true&scope=site&db=e011xww&AN=592959
999 _c1153
_d1153